[Event "?"]
[Site "masterchessopen.com - Svendborg (Denmark)"]
[Round "0"]
[White "Farago Ivan (HUN)"]
[Black "Pedersen Jens Otto (DEN)"]
[Result "1-0"]
[WhiteElo "2515"]
[BlackElo "2265"]

1.d4 f5 2.g3 Nf6 3.Bg2 g6 4.c4 Bg7 5.Nc3 O-O 6.Nf3 d6 7.O-O Nc6 8.d5 Na5 9.Qa4
c5 10.dxc6 bxc6 11.Nd4 Bd7 12.Nxc6 Nxc6 13.Bxc6 Bxc6 14.Qxc6 Rc8 15.Qa4 Rc5
16.Be3 Ra5 17.Qb4 f4 18.Bxf4 Rh5 19.f3 Qd7 20.Rf2 Qe6 21.Rd1 g5 22.Bc1 Qh3
23.Qb7 Ng4 24.Qd5+ Kh8 25.fxg4 {#r} 1-0

[Event "It (b)"]
[Site "masterchessopen.com - Rostock (Germany)"]
[Round "0"]
[White "Rossmann Helmut (GER)"]
[Black "Welz Peter Dr (GER)"]
[Result "0-1"]
[WhiteElo "2264"]
[BlackElo "2133"]

1.c4 f5 2.Nf3 Nf6 3.g3 g6 4.Bg2 Bg7 5.O-O O-O 6.Nc3 d6 7.d4 Nc6 8.d5 Ne5
9.Nxe5 dxe5 10.e4 e6 11.Re1 exd5 12.exd5 e4 13.Bf4 Nh5 14.Be3 f4 15.gxf4 Qh4
16.Qd2 g5 17.Bd4 e3 18.fxe3 gxf4 19.Bxg7 Kxg7 20.Rf1 Bd7 21.Qd4+ Kh6 22.Rf2
Rg8 23.Ne2 Rg4 24.Nxf4 Rag8 25.Qd2 Nf6 26.Kh1 Bf5 27.Rf3 Be4 28.Rh3 Qxh3 {#R}
0-1

[Event "Tournament"]
[Site "masterchessopen.com - Athens (Greece)"]
[Round "0"]
[White "Grivas Efstratios (GRE)"]
[Black "Kotronias Vasilios (GRE)"]
[Result "1-0"]
[WhiteElo "2492"]
[BlackElo "2593"]

1.d4 f5 2.g3 Nf6 3.Bg2 g6 4.c4 Bg7 5.Nf3 O-O 6.O-O d6 7.Nc3 Nc6 8.b3 a6 9.Bb2
Rb8 10.d5 Na5 11.Nd4 Bd7 12.Qd3 c5 13.dxc6 bxc6 14.Rab1 Ng4 15.Nf3 f4 16.Ne4
Bxb2 17.Rxb2 Bf5 18.Nd4 Ne5 19.Qc3 c5 20.Nxf5 Rxf5 21.gxf4 Rxf4 22.Nxc5 Qb6
23.Nd3 Qd4 24.Qxa5 {#r} 1-0

[Event "It"]
[Site "masterchessopen.com - Valby (Denmark)"]
[Round "5"]
[White "Lengyel Levente (HUN)"]
[Black "Auchenberg Per (DEN)"]
[Result "1-0"]
[WhiteElo "2293"]
[BlackElo "2133"]

1.c4 f5 2.Nf3 Nf6 3.g3 g6 4.Bg2 Bg7 5.O-O O-O 6.d4 d6 7.Nc3 Nc6 8.d5 Na5 9.Qa4
c5 10.dxc6 Nxc6 11.Rd1 Bd7 12.c5 dxc5 13.Qc4+ Kh8 14.Qxc5 Qe8 15.Qc4 Rc8
16.Qh4 Kg8 17.Bh6 Bxh6 18.Qxh6 Qf7 19.Nd5 Ng4 20.Qh4 Rfd8 21.h3 Nf6 22.Ng5 Qg7
23.Nxf6+ exf6 24.Bd5+ Kf8 25.Nf7 g5 26.Qa4 Ne5 27.Qb4+ {#r} 1-0

[Event "It \"]
[Site "masterchessopen.com - Pasadena (USA)"]
[Round "9"]
[White "Seirawan Yasser (USA)"]
[Black "Pellant Timothy (USA)"]
[Result "1-0"]
[WhiteElo "2605"]
[BlackElo "2265"]

1.c4 f5 2.g3 Nf6 3.Bg2 g6 4.d4 Bg7 5.Nc3 O-O 6.Nf3 d6 7.O-O Nc6 8.d5 Ne5 9.Qb3
Ned7 10.Be3 Nc5 11.Bxc5 dxc5 12.Ng5 Rb8 13.Qa3 a6 14.Qxc5 b6 15.Qb4 h6 16.Nf3
b5 17.Ne5 {#r} 1-0

[Event "It (open)"]
[Site "masterchessopen.com - Caorle (Italy)"]
[Round "2"]
[White "Montani Francesco (ITA)"]
[Black "Anceschi Vittorio (ITA)"]
[Result "0-1"]
[WhiteElo "2218"]
[BlackElo "2251"]

1.Nf3 g6 2.g3 Bg7 3.Bg2 f5 4.d4 Nf6 5.c4 d6 6.Nc3 O-O 7.O-O Nc6 8.d5 Na5 9.Qa4
c5 10.dxc6 Nxc6 11.Rd1 Bd7 12.Qc2 Rc8 13.c5 dxc5 14.Qb3+ Kh8 15.Bg5 b6 16.e3
Qe8 17.Bxf6 Bxf6 18.Nd5 Bg7 19.Rd2 Na5 20.Qd1 Nc4 21.Nf6 Bxf6 22.Rxd7 Nxb2
23.Qd5 Rd8 24.Ne5 e6 25.Qd6 Nc4 26.Rxd8 Nxd6 27.Rxe8 Rxe8 28.f4 Bxe5 29.fxe5
{#R} 0-1

[Event "It (open) \"]
[Site "masterchessopen.com - Gausdal (Norway)"]
[Round "1"]
[White "Ogaard Leif (NOR)"]
[Black "Knezevic Milorad (SRB)"]
[Result "1-0"]
[WhiteElo "2465"]
[BlackElo "2212"]

1.d4 f5 2.g3 Nf6 3.Bg2 g6 4.Nf3 Bg7 5.O-O O-O 6.c4 d6 7.Nc3 Nc6 8.d5 Na5 9.Nd2
c5 10.Rb1 Bd7 11.b3 a6 12.Bb2 b5 13.e3 Rb8 14.Qc2 Qc7 15.Ne2 bxc4 16.bxc4 Rb7
17.Bc3 Rfb8 18.Rxb7 Rxb7 19.Nf4 Rb8 20.Re1 Nb7 21.e4 fxe4 22.Nxe4 Bf5 23.Ne6
Bxe6 24.Bxf6 exf6 25.dxe6 d5 26.Nc3 Nd6 27.Nxd5 Qa5 28.Rb1 Re8 29.e7 Nf5
30.Qe4 Kf7 31.Re1 {#r} 1-0

[Event "Ch Netherlands (open)"]
[Site "masterchessopen.com - Dieren (Netherlands)"]
[Round "7"]
[White "Quist Johan (NED)"]
[Black "Gouw Carol-Peter (NED)"]
[Result "1-0"]
[WhiteElo "2310"]
[BlackElo "2096"]

1.c4 g6 2.Nf3 Bg7 3.g3 f5 4.d4 Nf6 5.Bg2 O-O 6.O-O d6 7.Nc3 Nc6 8.d5 Ne5
9.Nxe5 dxe5 10.Qb3 Kh8 11.Rd1 f4 12.gxf4 Nh5 13.fxe5 Bxe5 14.Ne4 Nf4 15.Ng3
Nxg2 16.Kxg2 Qd7 17.Be3 Qg4 18.Kh1 h5 19.f3 Qh3 20.Bd4 Bxd4 21.Rxd4 Bf5 22.Qe3
Rf7 23.Qg5 Bg4 24.Rf4 Raf8 25.Qh6+ Kg8 26.Qxg6+ Rg7 27.Rxf8+ Kxf8 28.Qh6 h4
29.fxg4 Qxg4 30.Qh8+ {#r} 1-0

[Event "It (open)"]
[Site "masterchessopen.com - Mendric (Yugoslavia)"]
[Round "0"]
[White "Lalic Bogdan (ENG)"]
[Black "Mutzner Andreas (SUI)"]
[Result "1-0"]
[WhiteElo "2440"]
[BlackElo "2113"]

1.d4 f5 2.Nf3 Nf6 3.g3 g6 4.Bg2 Bg7 5.O-O O-O 6.c4 d6 7.Nc3 Nc6 8.d5 Ne5
9.Nxe5 dxe5 10.e4 f4 11.gxf4 exf4 12.e5 Ng4 13.e6 Ne5 14.Qb3 f3 15.Bh3 g5
16.Bxg5 Qe8 17.Kh1 Qh5 18.Rg1 Qxh3 19.Bxe7 Rf4 20.Rg3 Qh5 21.Rg5 Qh6 22.Rag1
Ng6 23.Rxg6 hxg6 24.Bg5 Be5 25.Bxh6 Rh4 26.Rxg6+ {#r} 1-0

[Event "Ch World (juniors) (under 20)"]
[Site "masterchessopen.com - Sharjah (United Arab Emirates)"]
[Round "5"]
[White "Dlugy Maxim (USA)"]
[Black "Galego Luis (POR)"]
[Result "1-0"]
[WhiteElo "2495"]
[BlackElo "2477"]

1.d4 f5 2.Nf3 Nf6 3.g3 g6 4.Bg2 Bg7 5.O-O O-O 6.c4 d6 7.Nc3 Nc6 8.d5 Ne5
9.Nxe5 dxe5 10.b3 e4 11.Ba3 Rf7 12.f3 exf3 13.exf3 f4 14.Rc1 h5 15.Re1 Nd7
16.gxf4 Bh6 17.Rc2 Bxf4 18.Rce2 Bd6 19.b4 a5 20.Qb1 axb4 21.Bxb4 c5 22.dxc6
Qb6+ 23.Kh1 Qxb4 24.Qxg6+ Kf8 25.Nd5 Qc5 26.Qh6+ Ke8 27.cxd7+ Bxd7 28.Qxh5 Qd4
29.Nc7+ Kd8 30.Nxa8 Rf8 31.Qa5+ {#r} 1-0

[Event "Ch Baden-Wuerttemberg"]
[Site "masterchessopen.com - Stuttgart (Germany)"]
[Round "7"]
[White "Franke Holger (GER)"]
[Black "Kindl Peter (GER)"]
[Result "1-0"]
[WhiteElo "2245"]
[BlackElo "2280"]

1.d4 g6 2.c4 f5 3.Nc3 Nf6 4.Nf3 Bg7 5.g3 O-O 6.Bg2 d6 7.O-O Nc6 8.d5 Ne5
9.Nxe5 dxe5 10.e4 f4 11.b3 g5 12.Bb2 g4 13.f3 Qd6 14.gxf4 gxf3 15.Qxf3 Bg4
16.Qg3 exf4 17.Rxf4 Bd7 18.Raf1 Kh8 19.Ne2 e5 20.dxe6 Qxe6 21.Qc3 Rg8 22.Rxf6
Qg4 23.Ng3 Qg5 24.Kh1 h5 25.Bc1 Bxf6 26.Rxf6 {#r} 1-0

[Event "Zt"]
[Site "masterchessopen.com - Andorra"]
[Round "0"]
[White "D'Amore Carlo (ITA)"]
[Black "Fernandes Antonio (POR)"]
[Result "1-0"]
[WhiteElo "2493"]
[BlackElo "2409"]

1.g3 f5 2.Bg2 Nf6 3.d4 g6 4.c4 Bg7 5.Nc3 O-O 6.Nf3 d6 7.O-O Nc6 8.d5 Ne5
9.Nxe5 dxe5 10.e4 f4 11.b4 g5 12.c5 h5 13.Bb2 h4 14.gxf4 h3 15.Bf3 exf4 16.e5
Nd7 17.e6 Ne5 18.Be4 f3 19.Kh1 Qe8 20.Rg1 Qh5 21.Rg3 c6 22.Qc2 Rf4 23.Rag1 g4
24.Bc1 Rf8 25.Nd1 a5 26.Ne3 cxd5 27.Nxg4 dxe4 28.Nxe5 Qxe5 {#r} 1-0

[Event "It"]
[Site "masterchessopen.com - Reggio Emilia (Italy)"]
[Round "8"]
[White "Bukal Vladimir (CRO)"]
[Black "Anceschi Vittorio (ITA)"]
[Result "1-0"]
[WhiteElo "2403"]
[BlackElo "2251"]

1.c4 f5 2.Nf3 Nf6 3.g3 g6 4.Bg2 Bg7 5.O-O O-O 6.d4 d6 7.Nc3 Nc6 8.b3 Ne4
9.Nxe4 fxe4 10.Ng5 Nxd4 11.Rb1 Bf5 12.Nxe4 e5 13.e3 Nc6 14.g4 Bxe4 15.Bxe4 Qh4
16.f3 Kh8 17.Rb2 Rae8 18.Rg2 Nd8 19.Rg3 b6 20.Kg2 Ne6 21.Bxg6 hxg6 22.Rh3
Qxh3+ 23.Kxh3 Bf6 24.f4 e4 25.g5 Bg7 26.Kg2 {#r} 1-0

[Event "Ch Spain (team)"]
[Site "masterchessopen.com - Spain"]
[Round "3"]
[White "Karasusan Izcue Santiago (ESP)"]
[Black "Leiros Vila Avelino (ESP)"]
[Result "0-1"]
[WhiteElo "2147"]
[BlackElo "2192"]

1.d4 f5 2.Nf3 Nf6 3.g3 g6 4.Bg2 Bg7 5.O-O O-O 6.c4 d6 7.Nc3 Nc6 8.d5 Ne5
9.Nxe5 dxe5 10.e4 f4 11.gxf4 exf4 12.e5 Ng4 13.e6 Ne5 14.Qb3 f3 15.Bh3 g5
16.Re1 Qe8 17.Ne4 Qh5 18.Bf1 Ng4 19.h3 Be5 20.Nxg5 Bh2+ 21.Kh1 Bd6 22.Qc2 Qh4
23.Ne4 Rf5 24.Nxd6 Nxf2+ 25.Kh2 Ng4+ 26.Kh1 Qxe1 27.hxg4 Qxf1+ 28.Kh2 Re5
29.Ne4 Rxe4 {#R} 0-1

[Event "?"]
[Site "masterchessopen.com - Switzerland"]
[Round "0"]
[White "Zueger Beat (SUI)"]
[Black "Kaenel Hansjuerg (SUI)"]
[Result "1-0"]
[WhiteElo "2405"]
[BlackElo "2355"]

1.c4 f5 2.d4 Nf6 3.g3 g6 4.Bg2 Bg7 5.Nf3 d6 6.Nc3 O-O 7.O-O Nc6 8.d5 Na5 9.Nd2
c5 10.Qc2 Rb8 11.b3 a6 12.Bb2 b5 13.Rab1 Bd7 14.e3 bxc4 15.bxc4 Ng4 16.Ne2 Ne5
17.Ba1 Qc7 18.f4 Ng4 19.Bxg7 Kxg7 20.Qc3+ Kg8 21.e4 fxe4 22.Bxe4 Nf6 23.Rxb8
Rxb8 24.f5 Nxe4 25.Nxe4 Bxf5 26.Ng5 Qb6 27.g4 Qb2 28.Qe3 h6 29.gxf5 hxg5
30.Qe6+ Kh8 31.fxg6 g4 32.Rf7 {#r} 1-0

[Event "It (open)"]
[Site "masterchessopen.com - Vantaa (Finland)"]
[Round "1"]
[White "Kekki Jorma (FIN)"]
[Black "Koskinen Veikko (FIN)"]
[Result "1-0"]
[WhiteElo "2100"]
[BlackElo "1988"]

1.Nf3 f5 2.g3 Nf6 3.Bg2 g6 4.d4 Bg7 5.c4 O-O 6.O-O d6 7.Nc3 Nc6 8.d5 Ne5
9.Nxe5 dxe5 10.Qb3 Nd7 11.Rd1 Kh8 12.Qa3 h6 13.c5 g5 14.c6 Nb6 15.d6 Nc4
16.dxe7 {#r} 1-0

[Event "Staatsliga"]
[Site "masterchessopen.com - Austria"]
[Round "0"]
[White "Fauland Alexander (AUT)"]
[Black "Poecksteiner Johann (AUT)"]
[Result "1-0"]
[WhiteElo "2452"]
[BlackElo "2187"]

1.d4 f5 2.c4 Nf6 3.g3 g6 4.Bg2 Bg7 5.Nf3 O-O 6.O-O d6 7.Nc3 Nc6 8.d5 Ne5
9.Nxe5 dxe5 10.b3 a6 11.a4 Qe8 12.Qc2 Kh8 13.a5 h6 14.e4 f4 15.gxf4 Nh5
16.fxe5 g5 17.Ne2 Nf4 18.Nxf4 gxf4 19.f3 Qh5 20.Bb2 Bxe5 21.Bxe5+ Qxe5 22.Ra2
Qh5 23.Qc3+ Kh7 24.e5 Rg8 25.e6 {#r} 1-0

[Event "It (open)"]
[Site "masterchessopen.com - Caorle (Italy)"]
[Round "7"]
[White "Engelkes B"]
[Black "Becx Cesar (NED)"]
[Result "0-1"]
[WhiteElo "2000"]
[BlackElo "2278"]

1.d4 f5 2.Nf3 Nf6 3.g3 g6 4.Bg2 Bg7 5.O-O O-O 6.c4 d6 7.Nc3 Nc6 8.d5 Na5 9.Nd2
c5 10.a3 Bd7 11.Qc2 Qc7 12.b3 a6 13.Bb2 b5 14.Nd1 Rae8 15.Bc3 Nb7 16.Nb2 e5
17.dxe6 Bxe6 18.Nd3 g5 19.e3 Qf7 20.a4 b4 21.Bb2 Na5 22.Nf3 Ne4 23.Rad1 Bc3
24.Bc1 Nxb3 25.Qxb3 Bxc4 26.Qb1 Ba2 27.Qc2 Bb3 28.Qb1 Bxa4 29.Nb2 Bb5 30.Nd3
Ba4 31.Nb2 Bb3 {#R} 0-1

[Event "Ch New Zealand"]
[Site "masterchessopen.com - Dunedin (New Zealand)"]
[Round "0"]
[White "Green Peter (NZL)"]
[Black "Metge J Nigel (NZL)"]
[Result "1-0"]
[WhiteElo "2245"]
[BlackElo "2130"]

1.d4 f5 2.c4 Nf6 3.Nf3 g6 4.g3 Bg7 5.Bg2 O-O 6.O-O d6 7.Nc3 Nc6 8.d5 Ne5
9.Nxe5 dxe5 10.e4 f4 11.gxf4 exf4 12.e5 Ng4 13.e6 Ne5 14.Re1 Qe8 15.Nb5 f3
16.Nxc7 Qd8 17.Nxa8 fxg2 18.Re4 Bxe6 19.Rxe5 Bxe5 20.Qe2 Qd6 21.dxe6 Qxe6
22.Be3 Rxa8 23.Bf4 {#r} 1-0

[Event "Ch URS"]
[Site "masterchessopen.com - Voronezh (Russia)"]
[Round "0"]
[White "Pigusov Evgeny (RUS)"]
[Black "Meister Yakov (GER)"]
[Result "1-0"]
[WhiteElo "2530"]
[BlackElo "2385"]

1.Nf3 f5 2.c4 Nf6 3.g3 g6 4.Bg2 Bg7 5.O-O O-O 6.Nc3 d6 7.d4 Nc6 8.d5 Ne5
9.Nxe5 dxe5 10.Qb3 e6 11.Be3 Qe7 12.Nb5 a6 13.Na7 Rxa7 14.Bxa7 b6 15.c5 Qxc5
16.Rac1 Qe7 17.Bb8 exd5 18.Bxc7 b5 19.Bxd5+ Nxd5 20.Qxd5+ Be6 21.Qc6 Bc4
22.Rfd1 Rc8 23.Rxc4 bxc4 24.Rd7 Qe8 25.Qxc4+ Kh8 26.Qd5 e4 27.b4 Qf8 28.a4 e3
29.Rd8 Rxd8 30.Qxd8 {#r} 1-0

[Event "Staatsliga"]
[Site "masterchessopen.com - Austria"]
[Round "0"]
[White "Schoeppl Engelbert (AUT)"]
[Black "Niedermayr Horst (AUT)"]
[Result "0-1"]
[WhiteElo "2204"]
[BlackElo "2103"]

1.d4 f5 2.g3 Nf6 3.Bg2 g6 4.Nf3 Bg7 5.O-O O-O 6.c4 d6 7.Nc3 Nc6 8.d5 Ne5
9.Nxe5 dxe5 10.Qb3 Kh8 11.a4 h6 12.a5 a6 13.c5 g5 14.c6 bxc6 15.dxc6 Qe8
16.Be3 e4 17.Rac1 e5 18.Rfd1 Be6 19.Qa4 Qf7 20.Qa3 Bb3 21.Rd2 Rfd8 22.Rxd8+
Rxd8 23.Na4 f4 24.Bb6 e3 25.fxe3 fxg3 26.hxg3 Ng4 27.Bf3 Qh5 28.Bxg4 Qxg4
29.Qxb3 Qxg3+ 30.Kh1 Rf8 31.Rd1 Rf2 {#R} 0-1

[Event "It (open)"]
[Site "masterchessopen.com - Cappelle la Grande (France)"]
[Round "0"]
[White "Spassov Liuben (BUL)"]
[Black "Benoit Jean-Christophe (FRA)"]
[Result "1-0"]
[WhiteElo "2370"]
[BlackElo "2044"]

1.Nf3 f5 2.g3 Nf6 3.Bg2 g6 4.O-O Bg7 5.d4 O-O 6.c4 d6 7.Nc3 Nc6 8.d5 Ne5
9.Nxe5 dxe5 10.Qb3 h6 11.Rd1 Kh7 12.c5 e4 13.f3 exf3 14.exf3 a6 15.Be3 Rb8
16.Rac1 Qe8 17.Bf2 e5 18.c6 Qe7 19.Ba7 {#r} 1-0

[Event "Ch Czechoslovakia (corr.)"]
[Site "masterchessopen.com - corr."]
[Round "0"]
[White "Hromada Vaclav (CZE)"]
[Black "Fuka Miroslav (CZE)"]
[Result "1-0"]
[WhiteElo "2065"]
[BlackElo "2072"]

1.c4 f5 2.Nc3 Nf6 3.d4 g6 4.g3 Bg7 5.Bg2 O-O 6.Nf3 d6 7.O-O Nc6 8.d5 Na5 9.Qd3
c5 10.b3 Bd7 11.Bb2 a6 12.Nd2 Ng4 13.Nd1 Ne5 14.Qc2 f4 15.gxf4 Rxf4 16.e3 Bf5
17.e4 Bd7 18.Nc3 b5 19.Ne2 Rf7 20.f4 Ng4 21.Rf3 Bxb2 22.Qxb2 bxc4 23.bxc4 Rb8
24.Qc3 Rb4 25.h3 Nh6 26.a3 Rb8 27.Kh2 e6 28.dxe6 Bxe6 29.f5 gxf5 30.Rg3+ Kf8
31.Nf4 Bc8 32.exf5 {#r} 1-0

[Event "It (open)"]
[Site "masterchessopen.com - Sokobanja (Yugoslavia)"]
[Round "5"]
[White "Petrovic Petar (SRB)"]
[Black "Vlasov Igor (RUS)"]
[Result "0-1"]
[WhiteElo "2096"]
[BlackElo "2240"]

1.c4 f5 2.d4 Nf6 3.Nc3 g6 4.g3 Bg7 5.Bg2 O-O 6.Nf3 d6 7.O-O Nc6 8.d5 Ne5
9.Nxe5 dxe5 10.e4 f4 11.gxf4 exf4 12.e5 Ng4 13.e6 Ne5 14.Qb3 f3 15.Bh3 g5
16.Bxg5 Qe8 17.Kh1 Qh5 18.Rg1 Qxh3 19.Rg3 Ng4 20.Rxg4 Be5 21.Bh6+ Kh8 22.Bg7+
Bxg7 23.Rxg7 Kxg7 24.Rg1+ Kh6 25.Ne4 Rf4 26.Qc3 Rg4 27.Qe3+ Kg6 28.Ng3 Qxh2+
{#R} 0-1

[Event "It"]
[Site "masterchessopen.com - Terrasa (Spain)"]
[Round "0"]
[White "Cramling Pia (SWE)"]
[Black "Pomes Marcet Juan (ESP)"]
[Result "1-0"]
[WhiteElo "2480"]
[BlackElo "2349"]

1.d4 f5 2.c4 Nf6 3.g3 g6 4.Bg2 Bg7 5.Nc3 O-O 6.Nf3 d6 7.O-O Nc6 8.d5 Ne5
9.Nxe5 dxe5 10.b4 e4 11.Qb3 e6 12.Bb2 Qe7 13.Rad1 exd5 14.cxd5 Qf7 15.f3 exf3
16.exf3 Re8 17.Rfe1 Bd7 18.Bf1 Rxe1 19.Rxe1 Re8 20.Rd1 Kh8 21.Ne2 c6 22.dxc6
Be6 23.Qc2 bxc6 24.Nf4 Bxa2 25.Qxc6 Qe7 26.Bd4 g5 27.Ng2 Bd5 28.Qc3 Bb7 29.Re1
Qf8 30.Bxf6 {#r} 1-0

[Event "Ch France"]
[Site "masterchessopen.com - Angers (France)"]
[Round "14"]
[White "Andruet Gilles (FRA)"]
[Black "Santo-Roman Marc (FRA)"]
[Result "0-1"]
[WhiteElo "2370"]
[BlackElo "2392"]

1.d4 f5 2.g3 Nf6 3.Bg2 g6 4.Nf3 Bg7 5.c4 O-O 6.Nc3 d6 7.O-O Nc6 8.d5 Ne5
9.Nxe5 dxe5 10.Qb3 h6 11.c5 Kh8 12.Rd1 a6 13.Qa3 Qe8 14.Qa5 Qd8 15.Be3 Rb8
16.d6 c6 17.Qa3 Be6 18.Na4 Nd5 19.Bd2 e4 20.Bc3 Nxc3 21.bxc3 exd6 22.cxd6 Qa5
23.d7 Bd5 {#R} 0-1

[Event "Tournament (team)"]
[Site "masterchessopen.com - Buenos Aires (Argentina)"]
[Round "0"]
[White "Scarella Enrique (ARG)"]
[Black "Minzer Claudio Javier (ARG)"]
[Result "1-0"]
[WhiteElo "2378"]
[BlackElo "2452"]

1.d4 f5 2.Nf3 Nf6 3.g3 g6 4.Bg2 Bg7 5.c4 O-O 6.O-O d6 7.Nc3 Nc6 8.d5 Ne5 9.Qb3
Ned7 10.Be3 h6 11.Bd4 Nc5 12.Qc2 a5 13.Nh4 Qe8 14.Bxc5 dxc5 15.Nb5 Qf7 16.Nxc7
Rb8 17.Rad1 Kh7 18.Nb5 Ne4 19.d6 Nxd6 20.Nxd6 exd6 21.Rxd6 Bf6 22.Rfd1 Be6
23.Bd5 Rfe8 24.Bxe6 Rxe6 25.Nxf5 Rxd6 26.Nxd6 Qg7 27.b3 Rd8 28.Ne4 b6 29.Rxd8
Bxd8 30.Qd3 Bc7 31.h4 {#r} 1-0

[Event "It (open)"]
[Site "masterchessopen.com - Franconville"]
[Round "9"]
[White "Jussupow Artur (GER)"]
[Black "Spraggett Kevin (CAN)"]
[Result "1-0"]
[WhiteElo "2605"]
[BlackElo "2555"]

1.d4 d6 2.c4 f5 3.Nf3 Nf6 4.g3 g6 5.Bg2 Bg7 6.O-O O-O 7.Nc3 Nc6 8.d5 Ne5
9.Nxe5 dxe5 10.e4 f4 11.gxf4 exf4 12.e5 Ng4 13.e6 Ne5 14.Re1 Nxc4 15.Re4 Nd6
16.Rxf4 b6 17.Rh4 Bb7 18.Rh3 Rf5 19.Qg4 Qf8 20.Be3 Qf6 21.Rd1 Rf8 22.Ne4 Qxb2
23.Nxd6 exd6 24.Be4 Qf6 25.Bxf5 Qxf5 26.Qxf5 Rxf5 27.Rc1 Rxd5 28.e7 Re5
29.Rxc7 Be4 30.Bd4 Rg5+ 31.Rg3 {#r} 1-0

[Event "Bundesliga 1989/90 (2nd)"]
[Site "masterchessopen.com - Germany"]
[Round "0"]
[White "Israel Jens (GER)"]
[Black "Juhnke Juergen (GER)"]
[Result "0-1"]
[WhiteElo "2193"]
[BlackElo "2273"]

1.d4 f5 2.Nf3 Nf6 3.g3 g6 4.Bg2 Bg7 5.O-O O-O 6.c4 d6 7.Nc3 Nc6 8.d5 Na5 9.Qd3
c5 10.Bd2 a6 11.Ng5 Rb8 12.Ne6 Bxe6 13.dxe6 b5 14.b3 bxc4 15.bxc4 Ng4 16.f4
Rb2 17.Rab1 Nxc4 18.Rxb2 Nxb2 19.Qxa6 Bd4+ 20.e3 Nxe3 21.Bxe3 Bxc3 22.Rb1 Qb8
23.Bb7 Bf6 24.Qb5 Qa7 25.Qa6 Qxa6 26.Bxa6 Ra8 27.Bb7 Rxa2 28.Bd5 Ra4 29.g4
fxg4 30.f5 g5 31.Bxg5 Bxg5 32.Rxb2 Rd4 {#R} 0-1

[Event "Bundesliga 1990/91"]
[Site "masterchessopen.com - Germany"]
[Round "0"]
[White "Kistella Roman (GER)"]
[Black "Noetzel Frank (GER)"]
[Result "0-1"]
[WhiteElo "2352"]
[BlackElo "2245"]

1.d4 f5 2.c4 Nf6 3.g3 g6 4.Bg2 Bg7 5.Nf3 O-O 6.O-O d6 7.Nc3 Nc6 8.d5 Ne5
9.Nxe5 dxe5 10.e4 f4 11.h3 g5 12.g4 h5 13.f3 Qd6 14.Rf2 hxg4 15.hxg4 Kf7
16.Bf1 Rh8 17.b3 Bd7 18.a4 Qb6 19.Ra2 Rh4 20.Ba3 Rah8 21.Bg2 Nxg4 22.fxg4 Qh6
23.Rf1 Rxg4 24.Qf3 Qh2+ {#R} 0-1

[Event "It (open)"]
[Site "masterchessopen.com - Guernsey"]
[Round "0"]
[White "Wells Peter K (ENG)"]
[Black "Naef Thomas (SUI)"]
[Result "1-0"]
[WhiteElo "2415"]
[BlackElo "2103"]

1.Nf3 f5 2.g3 Nf6 3.Bg2 g6 4.O-O Bg7 5.d4 O-O 6.c4 d6 7.Nc3 Nc6 8.d5 Ne5
9.Nxe5 dxe5 10.Qb3 Kh8 11.Bg5 Rb8 12.c5 a6 13.Rad1 Qe8 14.Qb4 e6 15.c6 exd5
16.Nxd5 Nxd5 17.Bxd5 Bf6 18.Bh6 Bg7 19.Bxg7+ Kxg7 20.cxb7 Bxb7 21.Bxb7 Rf6
22.Rc1 Rb6 23.Rxc7+ Kh8 {#r} 1-0

[Event "Ch Israel"]
[Site "masterchessopen.com - Israel"]
[Round "0"]
[White "Birnboim Nathan (ISR)"]
[Black "Volman Horacio (ISR)"]
[Result "1-0"]
[WhiteElo "2369"]
[BlackElo "2194"]

1.d4 f5 2.g3 Nf6 3.Bg2 g6 4.Nf3 Bg7 5.O-O O-O 6.c4 d6 7.Nc3 Nc6 8.d5 Na5 9.Qd3
c5 10.Bd2 Rb8 11.Rae1 a6 12.e4 b5 13.cxb5 axb5 14.e5 Ng4 15.exd6 exd6 16.Bg5
Qb6 17.Re7 Nc4 18.h3 Nge5 19.Nxe5 dxe5 20.d6 Nxd6 21.Nd5 c4 22.Qe2 Qd4 23.Rd1
Ne4 24.Rxd4 exd4 25.Bxe4 fxe4 26.Qxe4 Bxh3 27.Rxg7+ Kxg7 28.Qe5+ Kg8 29.Bh6
{#r} 1-0

[Event "It \"]
[Site "masterchessopen.com - Kavala (Greece)"]
[Round "1"]
[White "Aleksieva Silvia (FRA)"]
[Black "Kokanovic Ksenija (SRB)"]
[Result "0-1"]
[WhiteElo "2352"]
[BlackElo "2175"]

1.d4 f5 2.c4 Nf6 3.Nc3 g6 4.g3 Bg7 5.Bg2 O-O 6.Nf3 d6 7.O-O Nc6 8.d5 Na5 9.Qd3
c5 10.b3 Bd7 11.Bb2 a6 12.Ng5 Rb8 13.e4 b5 14.cxb5 axb5 15.Nd1 fxe4 16.Nxe4 c4
17.bxc4 Nxc4 18.Bd4 Bf5 19.Ne3 Nxe3 20.Nxf6+ Bxf6 21.Qxe3 Rc8 22.Rac1 Bxd4
23.Qxd4 Qa5 24.Qe3 Qxa2 25.Rxc8 Rxc8 26.Qxe7 Qa6 27.Re1 b4 28.Qh4 Qc4 29.Qf6
Qc3 30.Qe7 b3 31.Bf1 b2 32.Re3 Qxe3 {#R} 0-1

[Event "Ch Quebec"]
[Site "masterchessopen.com - Quebec (Canada)"]
[Round "6"]
[White "Roy Alain (CAN)"]
[Black "Barbeau Sylvain (CAN)"]
[Result "0-1"]
[WhiteElo "2009"]
[BlackElo "2313"]

1.c4 f5 2.g3 Nf6 3.Bg2 g6 4.Nf3 Bg7 5.O-O O-O 6.d4 d6 7.Nc3 Nc6 8.d5 Ne5
9.Nxe5 dxe5 10.b3 a6 11.a4 Qe8 12.Ba3 g5 13.b4 e4 14.Rc1 Ng4 15.h3 Ne5 16.Qb3
Kh8 17.b5 Rf6 18.c5 Rh6 19.c6 bxc6 20.bxc6 Qh5 21.Qb4 Bf6 22.Rfd1 a5 23.Qb1
Ba6 24.Nb5 Qxe2 25.Rc2 Qh5 26.Nxc7 Nf3+ 27.Bxf3 Qxh3 28.Bh5 Rxh5 29.f3 e3 {#R}
0-1

[Event "It (open)"]
[Site "masterchessopen.com - Reykjavik (Iceland)"]
[Round "0"]
[White "Petursson Margeir (ISL)"]
[Black "Tisdall Jonathan D (NOR)"]
[Result "1-0"]
[WhiteElo "2555"]
[BlackElo "2480"]

1.d4 f5 2.c4 Nf6 3.g3 g6 4.Bg2 Bg7 5.Nf3 O-O 6.Nc3 d6 7.O-O Nc6 8.d5 Na5 9.Qd3
c5 10.Nd2 a6 11.a3 Ng4 12.e3 Bd7 13.a4 g5 14.Nf3 h6 15.Ra3 Rb8 16.Bd2 e5
17.dxe6 Bxe6 18.b3 Nc6 19.Nd5 b5 20.axb5 axb5 21.Ra6 Nce5 22.Nxe5 Nxe5 23.Qc2
bxc4 24.bxc4 Rf7 25.Bc3 f4 26.Bxe5 {#r} 1-0

[Event "Ch World (juniors) (under 20) (g)"]
[Site "masterchessopen.com - Santiago (Chile)"]
[Round "0"]
[White "Riofrio Palma Mey (ECU)"]
[Black "Limbach Renate (NED)"]
[Result "0-1"]
[WhiteElo "2178"]
[BlackElo "2134"]

1.d4 f5 2.c4 Nf6 3.g3 g6 4.Bg2 Bg7 5.Nf3 O-O 6.O-O d6 7.Nc3 Nc6 8.b3 e5 9.d5
Nb8 10.e4 a5 11.Ne1 f4 12.Qc2 g5 13.Nd3 b6 14.Bd2 Qe8 15.Nb5 Na6 16.a3 Ng4
17.Qd1 Qh5 18.h3 f3 19.Bxf3 Qxh3 20.Re1 Nc5 {#R} 0-1

[Event "It (open)"]
[Site "masterchessopen.com - Toulouse (France)"]
[Round "1"]
[White "Dezaele Christophe (FRA)"]
[Black "Avshalumov Alex (RUS)"]
[Result "0-1"]
[WhiteElo "2136"]
[BlackElo "2475"]

1.d4 f5 2.c4 Nf6 3.Nf3 g6 4.g3 Bg7 5.Bg2 O-O 6.O-O d6 7.Nc3 Nc6 8.a3 e5 9.d5
Ne7 10.e4 h6 11.Ne1 g5 12.f4 exf4 13.gxf4 Nxe4 14.Nxe4 fxe4 15.Qe2 g4 16.Bxe4
h5 17.Nd3 Nf5 18.Bd2 Bd4+ 19.Kh1 Qf6 20.Rae1 Bd7 21.b4 Rae8 22.Qg2 Re7 23.c5
Rg7 24.c6 Bc8 25.cxb7 Bxb7 26.b5 Bc8 27.Nb4 h4 28.Bxf5 Bxf5 29.Nc6 g3 30.h3
Bf2 31.Re7 Rxe7 32.Nxe7+ Qxe7 {#R} 0-1